00478cam a2200145 a 4500020002300000082002800023100002700051245008600078250001200164260003100176300006500207526003700272650001500309650000800324 a0471581283 (cloth)00a620.11bCALcL-37,P-1381 aCallister, William D.,10aMaterials science and engineering :ban introduction /cWilliam D. Callister, Jr. a3rd ed. aNew York :bWiley,cc1994. axx, 811 p. :bill. ;c26 cm. +e2 computer disks (3 1/2 in.) a0b0c0d620_110000000000000_CAL 0aMaterials. 0aMCE